000 00833nai a22002057a 4500
999 _c34555
_d34555
003 OSt
005 20231218155713.0
008 161128b xxu||||| |||| 00| 0 eng d
022 _a1992-6510
024 _22520-9299
040 _aBMC
_cBMC
082 _a306.3389
245 0 0 _aRealidad y reflexión
_cOscar Picardo Joao, Director
_n53
_penero-junio
_b: especial monográfico de educación matemática
260 _aSan Salvador
_bUniversidad Francisco Gavidia
_c2021
300 _a276 p.
_c24 cm
505 _aContiene: Comprender y usar las matemáticas.- Situación de riesgo social y de exclusión del aprendizaje matemático.- El desarrollo del pensamiento algebraico al inicio de la escolarización.-
650 2 4 _913187
_aCultura y globalización
700 1 _918653
_aPicardo Joao, Óscar
942 _2ddc
_cPR
_hprozim